Polski----English #4 - Statystyki

Ogólne statystyki
  • Ten quiz został rozwiązany 85 razy
  • Średni wynik to 5 z 15
Statystyki odpowiedzi
Hint Odpowiedź % Poprawnych
grzmot thunder
75%
żyła vein
63%
błyskawica lightning
59%
popiół ash
57%
chciwość greed
43%
rdza rust
36%
wymazać erase
29%
rasa breed
27%
cios, uderzenie, podmuch blow
25%
wycierać wipe
23%
gaża wage
21%
nieowocny vain
18%
spięty uptight
14%
dąsać się sulk
11%
delikatny tender
9%
Nie znaleziono quizów pasujących do podanych kryteriów
Rozkład punktacji
Procent ludzi z każdym wynikiem
Percentyl według liczby udzielonych odpowiedzi
Twoja historia wyników
Nie rozwiązałeś tego quizu